Los medios de comunicación en tiempos de crisis /
Guardado en:
| Autor Principal: | |
|---|---|
| Otros Autores: | |
| Formato: | Libro |
| Publicado: |
México :
Siglo Veintiuno,
1998
|
| Edición: | 7a. ed. |
| Series: | Sociología y política
|
| Materias: | |
| Etiquetas: |
Agregar Etiqueta
Sin Etiquetas, Sea el primero en etiquetar este registro!
|
| LEADER | 00949nam a22002415a 4500 | ||
|---|---|---|---|
| 001 | CEM.cems010766 | ||
| 005 | 20080401100822.0 | ||
| 008 | 130507s1998##################000#0#####d | ||
| 003 | CEMS | ||
| 020 | |a 968231724X | ||
| 082 | 0 | 4 | |a 301.153 |
| 100 | 1 | |a Mattelart, Armand | |
| 245 | 1 | 0 | |a Los medios de comunicación en tiempos de crisis / |c Armand Mattelart y Michele Mattelart |
| 250 | |a 7a. ed. | ||
| 260 | |a México : |b Siglo Veintiuno, |c 1998 | ||
| 300 | |a 259 p. | ||
| 490 | 0 | |a Sociología y política | |
| 505 | 0 | |a El despliegue ideológico como espectáculo -- La ley del aparato -- La cultura interior -- Los hijos de los Mac (Luhan y Donald) -- Norte/Sur-Este/oeste -- La mujer y el orden de la crisis -- Información y Estado de excepción -- | |
| 653 | |a Comunicación | ||
| 653 | |a Comunicación masiva | ||
| 653 | |a Medios de comunicación | ||
| 700 | 1 | |a Mattelart, Michele | |
| 859 | |a CEMS |b BIB. CEMS - 11 de abril |h 301.153 |i M429a7 |p 21429.01 |t Ej.1 | ||
